50 Biggest European Cities on a Map - Statistics

General Stats
  • This quiz has been taken 5,607 times
  • The average score is 41 of 50
Answers on the Map
Answers color-coded by a green-red scale on the quiz's map according to % correct below.
 
Answer Stats
Population City % Correct
14.4 mil London
98%
6.25 mil Madrid
98%
11.2 mil Paris
98%
4.65 mil Barcelona
97%
4.50 mil Berlin
97%
16.9 mil Moscow
97%
3.60 mil Rome
97%
2.60 mil Lisbon
96%
3.38 mil Kiev
95%
5.15 mil Milan
95%
5.45 mil Saint Petersburg
95%
2.38 mil Amsterdam
94%
1.61 mil Copenhagen
94%
3.00 mil Manchester
94%
2.28 mil Warsaw
94%
2.03 mil Brussels
93%
2.20 mil Munich
93%
2.08 mil Stockholm
93%
2.58 mil Budapest
92%
14.3 mil Istanbul
92%
4.25 mil Naples
92%
1.47 mil Prague
92%
2.15 mil Vienna
92%
2.20 mil Bucharest
90%
1.62 mil Glasgow
90%
2.75 mil Hamburg
90%
1.83 mil Liverpool
89%
1.96 mil Minsk
89%
1.64 mil Marseille
88%
3.45 mil Athens
87%
4.85 mil Cologne / Düsseldorf
87%
1.93 mil Lyon
87%
3.13 mil Birmingham
86%
3.10 mil Rotterdam/Hague
86%
3.13 mil Frankfurt
85%
1.40 mil Belgrade
84%
1.75 mil Valencia
80%
1.68 mil Turin
79%
2.15 mil Leeds
77%
1.46 mil Newcastle
69%
2.33 mil Stuttgart
66%
1.54 mil Sheffield
57%
1.47 mil Donetsk
53%
1.65 mil Kharkiv
49%
1.41 mil Volgograd
45%
1.60 mil Yekaterinburg
40%
1.76 mil Nizhny Novgorod
39%
1.39 mil Dnepropetrovsk
35%
1.53 mil Mannheim
33%
1.40 mil Chelyabinsk
21%
No matching quizzes found
Score Distribution
Percent of People with Each Score
Percentile by Number Answered
Your Score History
You have not taken this quiz